000 00606nam a2200193 i 4500
001 60817
003 ES-MaACL
005 20230906164318.0
007 t|
008 031106s1958 sp ||||1| cat d
100 1 _aAlbert i Corp, Esteve.
_919326
245 1 3 _aEl pessebre vivent d'Engordany
_b: (Valls d'Andorra) /
_cEsteve Albert.
260 _aBarcelona :
_b[Barcino,
_c1958] (
_fAltés)
300 _a80 p. ;
_c19 cm.
490 1 _aBiblioteca Folklórica Barcino ;
_v16
830 0 _aBiblioteca Folklórica Barcino ;
_v16
_9187227
852 _aES-MaACL
_jC-15155
_bR.42097
999 _c60817
_d60817